Vista normal
Vista MARC
Entrada Personal Name
Número de registros utilizados en: 1
001 - CONTROL NUMBER
- control field: 16525
003 - CONTROL NUMBER IDENTIFIER
- control field: DLC
005 - DATE AND TIME OF LATEST TRANSACTION
- control field: 20241127134009.0
008 - FIXED-LENGTH DATA ELEMENTS
- fixed length control field: 240918n| azannaabn |a aaa c
010 ## - LIBRARY OF CONGRESS CONTROL NUMBER
- LC control number: ns2024002497
035 ## - SYSTEM CONTROL NUMBER
- System control number: (CaEvSKY)skya13403464
040 ## - CATALOGING SOURCE
- Original cataloging agency: MX-SlUA
- Language of cataloging: spa
- Description conventions: rda
- Transcribing agency: Mx-PuUPA
- Modifying agency: Mx-PuUPA
100 1# - HEADING--PERSONAL NAME
- Personal name: Rodríguez Rocha, Julio César,
372 ## - FIELD OF ACTIVITY
- Field of activity: Ingeniería
- Field of activity: Electricidad
- Source of term: lcsh
373 ## - ASSOCIATED GROUP
- Associated group: Instituto Politécnico Nacional (México)
- Associated group: Universidad Anáhuac
- Source of term: naf
374 ## - OCCUPATION
- Occupation: Electricista
- Occupation: Ingeniero
- Occupation: Autor
- Source of term: lcsh
375 ## - GENDER
- Gender: hombre
377 ## - ASSOCIATED LANGUAGE
- Language code: spa
400 1# - SEE FROM TRACING--PERSONAL NAME
- Personal name: Rocha, Julio César Rodríguez
670 ## - SOURCE DATA FOUND
- Source citation: Instalaciones eléctricas proyectos residenciales e industriales, 2015:
- Information found: title page (Julio César Rodríguez Rocha) front flap (He is an electrical engineer by the Higher School of Mechanical and Electrical Engineering (ESIME), Instituto Politécnico Nacional and a Teacher as Distribution Systems Planning by the Universidad Anáhuac)